000 00758cab a22001935a 4500
001 L145901
008 081121s2008 xxko f 000 0 eng d
035 _a(Sirsi) u145901
041 0 _aeng
100 1 _aHoward, Annette
245 0 0 _aSurveyors in the family
260 _c2008
490 _aAncestors
_v(76) December 2008, 32-33(2)
520 _aArticle suggests key resources for revealing historical information on chartered surveyors, auctioneers and estate agents. Provides advice on additional assistance offered by the RICS Library, suggestions for further reading and case studies (including one on John Clutton, the first president of the organisation).
590 _aKA
651 4 _aUnited Kingdom
_y
690 _aABOUT RICS
942 _n0
999 _c80969
_d80969